000 00830nam a2200265 4500
003 OSt
005 20260530115315.0
008 260505b2003 cl |||| |||| 00| 0 spa d
020 _a9789561216019
040 _aICI
_bspa
_cici
_erda
041 _aspa
050 _aPN6495.C45
_bR384
245 _aRefranes y Moralejas de Chile :
_cpresentación, recopilación y comentarios de Alberto Cardemil Herrera
250 _aPrimera edición
264 _aSantiago de Chile :
_bZig-Zag,
_c2003
300 _a402 paginas
336 _2rdacontent
_atexto
337 _2rdamedia
_asin medio
338 _2rdacarrier
_avolumen
500 _aÍndice alfabético de refranes
500 _aIncluye glosario
650 4 _2Proverbios y refranes chilenos
700 1 _aCardemil Herrera, Alberto,
_ecompilador
_933486
942 _2lcc
_n1
_cBK
999 _c13549
_d13549